000 00395cam a22001455a 4500
001 L146714
008 090218s xxk f 000 0 eng d
035 _a(Sirsi) u146714
041 0 _aeng
110 2 _aAccounting Standards Board
_93454
245 0 0 _aFinancial reporting exposure draft
500 _aGeneral record for Feb 09 to Jan 10 subscription
651 4 _aENGLAND AND WALES
942 _n0
999 _c109262
_d109262